| 000 | 00821nam a2200253 a 4500 | ||
|---|---|---|---|
| 008 | |||
| 020 | _a0906048710 (pbk.) | ||
| 049 | _aMAIN | ||
| 090 | _aHD9685.G72 BOW | ||
| 100 | 1 | _aBowers, Brian. | |
| 245 | 1 | 2 |
_aA history of electric light & power / _cBrian Bowers. |
| 260 |
_aLondon : _bPeter Peregrinus in association with the Science Museum, _c1982. |
||
| 300 |
_avii, 278 p. : _bill. ; _c23 cm. |
||
| 440 |
_aHistory of technology series ; _v3. |
||
| 504 | _aIncludes bibliographical references. | ||
| 500 | _aIncludes index. | ||
| 650 | 0 |
_aElectric engineering _xHistory. |
|
| 740 | 2 | _aA history of electric light and power. | |
| 907 |
_a.b10084691 _b10-12-08 _c24-07-03 |
||
| 003 | |||
| 005 | 20230123133353.0 | ||
| 040 | _cNUST | ||
| 942 |
_cBOOKS _kHD9685.G72 BOW |
||
| 999 |
_c147425 _d147425 |
||